000 00482ntaaa2200193 4500
003 01
005 20251027202045.0
008 0714s1973 ag 01
040 _aAR-BaBN
_bspa
_cAR-BaBN
_eaacr
_dRIC
082 _a251.0700 V71f
100 _aVila, David
245 _aLa familia cristiana
250 _a1 ed.
260 _aTarrasa :
_bClie,
_c1975
300 _a59 p
500 _aSermones radiales sobre la familia cristiana
650 _asermones radiales
_914618
942 _cBK
999 _c15387
_d15387